After the great complacence financial crisis and the politics of reform
Salvato in:
| Autore principale: | |
|---|---|
| Natura: | Libro |
| Lingua: | inglese |
| Pubblicazione: |
Oxford
Oxford University Press
2011
|
| Soggetti: | |
| Tags: |
Nessun Tag, puoi essere il primo ad aggiungerne!!
|
MARC
| LEADER | 00000nam a2200000 4500 | ||
|---|---|---|---|
| 001 | 0171943 | ||
| 005 | 20250225120553.1 | ||
| 020 | |a 978-0-191-61814-7 | ||
| 041 | 0 | |a eng | |
| 044 | |a GB | ||
| 245 | 1 | 0 | |a After the great complacence |b financial crisis and the politics of reform |c Ewald Engelen ... [et al.] |
| 264 | 1 | |a Oxford |b Oxford University Press |c 2011 | |
| 300 | |a online [xiv, 281 p.] | ||
| 500 | |a EBSCO e-books Economics Collection 2012 | ||
| 610 | 2 | 0 | |a kríza finančná |
| 610 | 2 | 0 | |a kríza hospodárska |
| 610 | 2 | 0 | |a reformy hospodárske |
| 610 | 2 | 0 | |a inštitúcie finančné |
| 610 | 2 | 0 | |a financie verejné |
| 100 | 1 | |a Engelen, Ewald | |